01298nam a2200289 i 450000100060000000300090000600500170001500700030003200800410003508000180007608000180009410000290011224501920014126000590033330000340039265000520042665000590047865000530053765000490059065000300063970000360066985200220070585200210072799900170074895201210076595201220088652045ES-MaACL20230906162510.0t|030825s1970 xxu b ||||1| eng d a016:821.134.2 a016:821.134.31 aChatham, James R.93819010aDissertations in Hispanic languages and literatures : ban index of dissertations completed in the United States and Canada. nI, p1876-1966 / cJames R. Chatham & Enrique Ruiz-Fornells. a[Lexington] : bUniversity Press of Kentucky, c[1970] a1 v. (XIV, 120 p.) ; c29 cm. 4aLiteratura española-vBibliografías.914554 4aLiteratura hispanoamericana-vBibliografías.9156211 4aLiteratura portuguesa-vBibliografías.9136432 4aLengua española-vBibliografías.9163213 4aLengua portuguesa.9143121 aRuiz-Fornells, Enrique.91008014 aES-MaACLjC-541954 aES-MaACLjL-2720 c52045d52045 00104070aATENEOMbATENEOMcDEPO2d2008-01-17eSCl0oL-2720p1054720r2023-02-23 00:00:00w2023-02-23yMONOGRAFIA 00104070aATENEOMbATENEOMcDEPO2d2008-01-17eSCl0oC-54195p1054719r2023-02-23 00:00:00w2023-02-23yMONOGRAFIA